| 000 | 00709nam a22002172a 4500 | ||
|---|---|---|---|
| 001 | 23788 | ||
| 003 | BD-RjUL | ||
| 005 | 20211209000954.0 | ||
| 008 | 140311r19531936enka 000 0 eng d | ||
| 035 | _a(BD-RjUL)23853 | ||
| 040 |
_aCIN _cCIN _dEQO _dBD-RjUL _beng |
||
| 041 | _aeng | ||
| 082 |
_a930 _bCLS |
||
| 090 |
_aD59 _b.C62 1938 |
||
| 100 | 1 |
_aClement, H. A. _q(Henry Anthony). _973254 |
|
| 245 | 1 | 4 |
_aThe story of the ancient world : _bfrom the earliest times to the fall of Rome / _cby H.A. Clement ... |
| 260 |
_aLondon [etc.] : _bG.G. Harrap & Co., Ltd, _c1936 [printing 1953] |
||
| 300 |
_a256 p. : _billus. ; _c21 cm |
||
| 650 |
_aHistory, Ancient -- Juvenile literature. _973255 |
||
| 942 |
_2ddc _cBK |
||
| 999 |
_c23788 _d23788 |
||